100 creative drawing ideas / (Record no. 352820)
[ view plain ]
| 000 -LEADER | |
|---|---|
| fixed length control field | 01125 a2200301 4500 |
| 003 - CONTROL NUMBER IDENTIFIER | |
| control field | OSt |
| 005 - DATE AND TIME OF LATEST TRANSACTION | |
| control field | 20180116192348.0 |
| 008 - FIXED-LENGTH DATA ELEMENTS--GENERAL INFORMATION | |
| fixed length control field | 120529t xxu||||| |||| 00| 0 eng d |
| 010 ## - LIBRARY OF CONGRESS CONTROL NUMBER | |
| LC control number | 2003013542 |
| 020 ## - INTERNATIONAL STANDARD BOOK NUMBER | |
| International Standard Book Number | 1590301056 (Pbk. : alk. paper) |
| 020 ## - INTERNATIONAL STANDARD BOOK NUMBER | |
| International Standard Book Number | 9781590301050 |
| 040 ## - CATALOGING SOURCE | |
| Transcribing agency | 0 |
| 082 00 - DEWEY DECIMAL CLASSIFICATION NUMBER | |
| Classification number | 741.2 |
| 245 00 - TITLE STATEMENT | |
| Title | 100 creative drawing ideas / |
| Statement of responsibility, etc. | compiled and edited by Anna Held Audette. |
| 246 3# - VARYING FORM OF TITLE | |
| Title proper/short title | One hundred creative drawing ideas |
| 246 3# - VARYING FORM OF TITLE | |
| Title proper/short title | Hundred creative drawing ideas |
| 260 ## - PUBLICATION, DISTRIBUTION, ETC. | |
| Place of publication, distribution, etc. | Boston : |
| Name of publisher, distributor, etc. | Shambhala, |
| Date of publication, distribution, etc. | 2004. |
| 300 ## - PHYSICAL DESCRIPTION | |
| Extent | xii, 241 p. : |
| Other physical details | ill. ; |
| Dimensions | 24 cm. |
| 650 10 - SUBJECT ADDED ENTRY--TOPICAL TERM | |
| Topical term or geographic name entry element | Drawing |
| General subdivision | Technique. |
| 9 (RLIN) | 2544 |
| 650 10 - SUBJECT ADDED ENTRY--TOPICAL TERM | |
| Topical term or geographic name entry element | Space and time. |
| 9 (RLIN) | 2545 |
| 650 10 - SUBJECT ADDED ENTRY--TOPICAL TERM | |
| Topical term or geographic name entry element | Photography of art. |
| 9 (RLIN) | 2546 |
| 700 1# - ADDED ENTRY--PERSONAL NAME | |
| Personal name | Audette, Anna Held. |
| 9 (RLIN) | 2547 |
| 856 41 - ELECTRONIC LOCATION AND ACCESS | |
| Materials specified | Table of contents |
| Uniform Resource Identifier | <a href="http://www.loc.gov/catdir/toc/ecip045/2003013542.html">http://www.loc.gov/catdir/toc/ecip045/2003013542.html</a> |
| 856 41 - ELECTRONIC LOCATION AND ACCESS | |
| Materials specified | Publisher description |
| Uniform Resource Identifier | <a href="http://www.loc.gov/catdir/enhancements/fy0661/2003013542-d.html">http://www.loc.gov/catdir/enhancements/fy0661/2003013542-d.html</a> |
| 942 ## - ADDED ENTRY ELEMENTS (KOHA) | |
| Institution code [OBSOLETE] | SADA |
| Koha item type | Book |
| Call number prefix | 741.2 ONE 2004 |
| Source of classification or shelving scheme | |
| Withdrawn status | Lost status | Source of classification or shelving scheme | Damaged status | Not for loan | Permanent Location | Current Location | Date acquired | Total Checkouts | Total Renewals | Full call number | Barcode | Date last seen | Date last checked out | Copy number | Cost, replacement price | Price effective from | Koha item type |
|---|---|---|---|---|---|---|---|---|---|---|---|---|---|---|---|---|---|
| School of Art Design and Architecture (SADA) | School of Art Design and Architecture (SADA) | 04/11/2011 | 2 | 1 | 741.2 ONE 2004 | SADA0000754 | 01/20/2016 | 12/29/2015 | 01 | 1632.00 | 08/05/2011 | Book | |||||
| School of Art Design and Architecture (SADA) | School of Art Design and Architecture (SADA) | 05/26/2011 | 741.2 ONE 2004 | SADA0001120 | 08/05/2011 | 02 | 0.00 | 08/05/2011 | Book | ||||||||
| School of Art Design and Architecture (SADA) | School of Art Design and Architecture (SADA) | 04/26/2011 | 741.2 ONE 2004 | SADA0001121 | 08/05/2011 | 03 | 0.00 | 08/05/2011 | Book |
